Statistiques concernant Les équipes jeunes en régional d'Alsace

Cliquez ici pour prendre le quiz!

Statistiques générales

  • Ce quiz a été pris 25 fois
  • Le résultat moyen est 11 sur 35

Statistiques - réponses

HintRéponse% Correct
ASStrasbourg
78%
SRCColmar
67%
FCMMulhouse
61%
NeuwegSaint Louis
56%
"Shilik"Schiltigheim
50%
FlorivalAGIIR
44%
GeispoGeispolsheim
44%
FCSRHaguenau
44%
ESMEMolsheim
44%
STRG PierrotsVauban
44%
Illkirch-GraffenstadenFAIG
39%
Strasbourg KoenigshoffenFCOSK
39%
ObermodernKometrib
39%
STRG FCKKronenbourg
39%
IllzachASIM
33%
ASCBiesheim
33%
InterMeinau
33%
FCSRObernai
33%
STRG ASLRobertsau
33%
FC STE CroixSainte croix en plaine
33%
AdamswillerEspoir 16
28%
Groupement Jeunes
D'Alsace du Nord
GJAN
28%
FCL (U16 R2)Lingolsheim
28%
FCT (U18 R2)Truchtersheim
28%
HegeneyDurrenbach
22%
GRPTKilbs
22%
DuntzenheimZornthal
22%
HartmannswillerBerrwiller
11%
StadeBurnhaupt
11%
SierentzEJPS
11%
ASErstein
11%
RCSARC Strasbourg
11%
FCR (Mulhouse)Riedisheim
11%
Habsheim, Kembs, NifferGPRH
6%
OltingueSundgau
6%

Distribution des résultats

Percentile par nombre de réponses

% des personnes avec chaque résultat

Votre développement - résultats

Vous n’avez pas pris ce quiz